000 00526nam a22001577a 4500
003 0
005 20221128092428.0
008 221128b xxu||||| |||| 00| 0 eng d
050 _aBF575
_b.P33 2022
245 _aGrieving and mourning a loved one in the time of covid-19 pandemic
_cCzarina Gabrielle B. Pacheco
260 _aLas Pinas City, Philippines
_bSouthville International School and Colleges
_cC2022
300 _aviii,161pp.
_c28cm.
_fTheses
500 _aGrieving & mourning.
501 _aPandemic.
942 _2lcc
_cTH
999 _c364906
_d364906